OPAC Home

ළමයින්ට ඉර, හඳ, තාරකා ගැන කතා (Record no. 43328)

MARC details
000 -LEADER
fixed length control field 00535nam a2200181Ia 4500
008 - FIXED-LENGTH DATA ELEMENTS--GENERAL INFORMATION
fixed length control field 121001t xxu||||| |||| 00| 0 sin d
041 ## - LANGUAGE CODE
Language code of text/sound track or separate title Sinhala; Sinhalese
080 ## - UNIVERSAL DECIMAL CLASSIFICATION NUMBER
Universal Decimal Classification number 8 S 3 (Youth)
Item number LEV
942 ## - ADDED ENTRY ELEMENTS (KOHA)
Koha item type Books
003 - CONTROL NUMBER IDENTIFIER
control field LK-CoDNM
040 ## - CATALOGING SOURCE
Original cataloging agency LK-CoDNM
Modifying agency LK-CoDNM
Description conventions LK-CoDNM
100 ## - MAIN ENTRY--PERSONAL NAME
Personal name Levithan,Y.
700 ## - ADDED ENTRY--PERSONAL NAME
Personal name Rudrigu,Dadigama V.
Relator term translater
245 ## - TITLE STATEMENT
Title ළමයින්ට ඉර, හඳ, තාරකා ගැන කතා
246 ## - VARYING FORM OF TITLE
Title proper/short title Lamayinata Ira, Hada, Tharaka Gana Katha
260 ## - PUBLICATION, DISTRIBUTION, ETC. (IMPRINT)
Place of publication, distribution, etc. Kurulu Book
-- Rajagiriya
Date of publication, distribution, etc.
300 ## - PHYSICAL DESCRIPTION
Other physical details 95p, ill, 24 cm
Holdings
Withdrawn status Lost status Damaged status Not for loan Collection code Permanent Location Current Location Date acquired Full call number Barcode Koha item type
        Translation Library National Museum Colombo - Sri Lanka Library National Museum Colombo - Sri Lanka 2012-10-01 8 S 3 (Youth) LEV P31325 Books
Copyright © 2023 Department of National Museum, Colombo 07, Sri Lanka Funded by UNESCO IFAP UNESCO